| 000 | 00505nam a2200193Ia 4500 | ||
|---|---|---|---|
| 003 | OSt | ||
| 005 | 20260206151241.0 | ||
| 008 | 210210b2008 xxu||||| |||| 00| 0 eng d | ||
| 040 | _cAL | ||
| 041 | _aeng | ||
| 082 | _a651.7 DIXW | ||
| 100 |
_aH Chandrashekhar Dixit _9253842 |
||
| 245 |
_aWritten executive communication _b: For II semester BBM |
||
| 260 |
_aMangalore _bUnited Publishers _c2008 |
||
| 300 | _a176p | ||
| 690 |
_aBusiness Communication _9253850 |
||
| 906 | _a062584 | ||
| 942 |
_2ddc _cBK |
||
| 999 |
_c117687 _d117687 |
||